Political man: the social bases of politics

Saved in:
Bibliographic Details
Main Author: Lipset, Seymour Martin (autor)
Format: Book
Language:English
Published: Nueva York Doubleday 1960
Series:Anchor Books, A330
Subjects:
Tags: Add Tag
No Tags, Be the first to tag this record!

MARC

LEADER 00000nam a2200000 a 4500
001 UCV1807
003 CL-VaPUC
008 910322e19600000US |||||||||||||||||eng|d
082 0 4 |a 320.01  |b LIP  |2 21 
100 |a Lipset, Seymour Martin  |e autor  |9 451988 
245 1 0 |a Political man: the social bases of politics 
300 |a 477 p 
942 |c BK 
945 |d 19910322 00:00:00 
260 |a Nueva York  |b Doubleday  |c 1960 
650 0 |a Democracia  |9 255256 
650 0 |a Sociología política   |9 255920 
583 |a last modification  |c 19910322 00:00:00  |k Rodrigo Vera 
490 0 |a Anchor Books, A330 
999 |c 209607  |d 209605 
952 |0 0  |1 0  |4 0  |6 320_010000000000000_LIP_1960  |7 0  |8 A  |9 185120  |a BIBDER  |b BIBDER  |d 2019-11-14  |i 2525607  |o 320.01 LIP 1960  |p 2525607  |r 2023-01-25  |w 2019-11-14  |y BK  |k DER